00728cam a2200229 a 4500001001300000003000400013005001700017008004100034010001700075040001800092050001600110050002300126051002100149100004000170240002300210245010200233260004900335300002900384440003200413700003600445999001700481ca 28000277 DLC20260227111119.0830126s1924 ksuc 000 0 eng  aca 28000277  aDLCcDLCdDLC10aPS1152b.C700aMicrofilm 78599 PS aAC1b.L8 no. 7401 aBryant, William Cullen,d1794-1878.10aPoems.kSelections10aPoems of William Cullen Bryant /cedited, with introduction and notes, by Nelson Antrim Crawford. aGirard, Kan. :bHaldeman-Julius Co.,cc1924. a64 p. :bport. ;c13 cm. 0aLittle blue book ;vno. 7401 aCrawford, Nelson Antrim,d1888- c16351d16351